000 01768nab a2200433 i 4500
001 68088
003 FINmELB
005 20241217142851.0
006 m o d |
007 cr cnu||||||||
008 240708c20239999cu qr p o 0 0spa d
022 _a1561-2945
035 _a(OCoLC)1472951126
040 _aFINmELB
_bspa
_erda
_cFINmELB
050 4 _aRD31
_b.C635 2023
080 _a616-089(045)(729.1)
082 0 4 _a617
_223
100 1 _aCobiellas Rodríguez, Roberto,
_eautor.
245 1 0 _aEscala predictiva de los resultados adversos en la hemorragia digestiva alta no varicosa =
_bA Scale for Predicting Adverse Outcomes of Nonvariceal Upper Gastrointestinal Bleeding /
_cRoberto Cobiellas Rodríguez, Omar Fernández Concepción.
264 1 _aLa Habana :
_bEditorial Ciencias Médicas,
_c2023.
336 _atexto
_btxt
_2rdacontent/spa
337 _acomputadora
_bc
_2rdamedia/spa
338 _arecurso en línea
_bcr
_2rdacarrier/spa
546 _aResumen en español e inglés.
590 _aRecurso electrónico. Santa Fe, Arg.: elibro, 2024. Disponible vía World Wide Web. El acceso puede estar limitado para las bibliotecas afiliadas a elibro.
650 4 _aDiagnóstico.
650 4 _aEpidemiología.
650 4 _aHemorragia gastrointestinal.
650 4 _aHemorragia gastrointestinal.
650 4 _aMortalidad.
650 4 _aPronóstico.
650 4 _aSensibilidad y especificidad.
650 4 _aTécnicas y procedimientos diagnósticos.
655 4 _aLibros electrónicos.
700 1 _aFernández Concepción, Omar,
_eautor.
773 0 8 _iContenida en:
_tRevista cubana de cirugía
_gVol. 62, no. 2 (2023), p. 00-00
797 2 _aelibro, Corp.
856 4 0 _uhttps://elibro.net/ereader/politecnicointernacional/274339
999 _c68088
_d68088